[Event "George Trundle Masters 2016"]
[Site "Auckland"]
[Date "2016.07.11"]
[Round "3.1"]
[White "Garbett, Paul A"]
[Black "Wallis, Christopher"]
[Result "1-0"]
[LiveChessVersion "1.4.8"]
[BlackElo "2351"]
[WhiteElo "2229"]

1. c4 {[%clk 1:30:57]} Nf6 {[%clk 1:23:19]} 2. Nc3 {[%clk 1:31:06]} e5
{[%clk 1:23:36]} 3. Nf3 {[%clk 1:31:20]} Nc6 {[%clk 1:23:44]} 4. d3
{[%clk 1:31:07]} g6 {[%clk 1:17:28]} 5. g3 {[%clk 1:30:58]} Bg7 {[%clk 1:17:51]}
6. Bg2 {[%clk 1:30:59]} O-O {[%clk 1:17:06]} 7. O-O {[%clk 1:31:11]} d6
{[%clk 1:16:41]} 8. Rb1 {[%clk 1:30:06]} a5 {[%clk 1:15:14]} 9. a3
{[%clk 1:28:41]} h6 {[%clk 1:10:49]} 10. b4 {[%clk 1:28:20]} axb4
{[%clk 1:08:23]} 11. axb4 {[%clk 1:28:03]} Nh5 {[%clk 0:58:35]} 12. b5
{[%clk 1:24:21]} Ne7 {[%clk 0:57:17]} 13. d4 {[%clk 1:12:09]} Bf5
{[%clk 0:49:43]} 14. e4 {[%clk 1:09:06]} Be6 {[%clk 0:40:06]} 15. Nd5
{[%clk 1:01:33]} c6 {[%clk 0:34:54]} 16. Nxe7+ {[%clk 0:54:25]} Qxe7
{[%clk 0:35:18]} 17. bxc6 {[%clk 0:54:42]} bxc6 {[%clk 0:35:28]} 18. d5
{[%clk 0:54:26]} cxd5 {[%clk 0:31:36]} 19. cxd5 {[%clk 0:54:45]} Bd7
{[%clk 0:29:48]} 20. Rb7 {[%clk 0:52:17]} Rfb8 {[%clk 0:28:39]} 21. Qb3
{[%clk 0:49:05]} Qe8 {[%clk 0:27:05]} 22. Be3 {[%clk 0:48:24]} Nf6
{[%clk 0:25:16]} 23. Nd2 {[%clk 0:47:32]} Rxb7 {[%clk 0:16:26]} 24. Qxb7
{[%clk 0:47:54]} Bf8 {[%clk 0:13:53]} 25. Rb1 {[%clk 0:45:37]} Qc8
{[%clk 0:13:27]} 26. Qxc8 {[%clk 0:43:00]} Rxc8 {[%clk 0:13:50]} 27. f3
{[%clk 0:43:17]} h5 {[%clk 0:11:24]} 28. h4 {[%clk 0:42:25]} Be7 {[%clk 0:10:51]}
29. Bf1 {[%clk 0:41:00]} Bd8 {[%clk 0:05:52]} 30. Nc4 {[%clk 0:36:25]} Ne8
{[%clk 0:04:48]} 31. Rb7 {[%clk 0:24:48]} Rc7 {[%clk 0:04:52]} 32. Rb8
{[%clk 0:22:01]} Rc8 {[%clk 0:05:08]} 33. Ba7 {[%clk 0:19:54]} Bc7
{[%clk 0:03:49]} 34. Rb7 {[%clk 0:18:35]} Kf8 {[%clk 0:02:16]} 35. Bb6
{[%clk 0:09:26]} Ke7 {[%clk 0:02:31]} 36. Bxc7 {[%clk 0:09:21]} Rxc7
{[%clk 0:02:52]} 37. Rxc7 {[%clk 0:09:12]} Nxc7 {[%clk 0:03:18]} 38. Nb6
{[%clk 0:09:28]} f5 {[%clk 0:01:10]} 39. Bh3 {[%clk 0:08:30]} Ne8
{[%clk 0:00:43]} 40. Nxd7 {[%clk 0:39:15]} Kxd7 {[%clk 0:31:08]} 41. exf5
{[%clk 0:39:30]} Ke7 {[%clk 0:23:55]} 42. fxg6 {[%clk 0:38:56]} Nc7
{[%clk 0:18:40]} 43. Be6 {[%clk 0:30:51]} Nxe6 {[%clk 0:15:58]} 44. dxe6
{[%clk 0:31:03]} Kxe6 {[%clk 0:14:54]} 45. g4 {[%clk 0:31:20]} hxg4
{[%clk 0:14:41]} 46. fxg4 {[%clk 0:31:37]} Kf6 {[%clk 0:14:48]} 47. h5
{[%clk 0:32:00]} d5 {[%clk 0:14:54]} 48. Kf2 {[%clk 0:32:13]} d4 {[%clk 0:15:17]}
49. Ke2 {[%clk 0:29:05]} e4 {[%clk 0:15:23]} 50. g5+ {[%clk 0:29:28]} Kg7
{[%clk 0:14:54]} 51. Kd2 {[%clk 0:29:51]} d3 {[%clk 0:14:31]} 52. Ke3
{[%clk 0:30:07]} Kh8 {[%clk 0:14:47]} 53. h6 {[%clk 0:30:25]} Kg8
{[%clk 0:15:16]} 54. g7 {[%clk 0:30:34]} Kf7 {[%clk 0:15:43]} 55. g6+
{[%clk 0:30:42]} Kg8 {[%clk 0:16:09]} 56. Kd2 {[%clk 0:31:00]} e3+
{[%clk 0:16:36]} 57. Kxd3 {[%clk 0:31:18]} e2 {[%clk 0:17:02]} 58. h7+
{[%clk 0:31:42]} 1-0

[Event "George Trundle Masters 2016"]
[Site "Auckland"]
[Date "2016.07.11"]
[Round "3.2"]
[White "Smith, Robert W"]
[Black "Croad, Nicholas"]
[Result "1/2-1/2"]
[LiveChessVersion "1.4.8"]
[BlackElo "2320"]
[WhiteElo "2207"]

1. e4 {[%clk 1:30:57]} c5 {[%clk 1:30:55]} 2. Nf3 {[%clk 1:31:22]} d6
{[%clk 1:31:18]} 3. d4 {[%clk 1:31:48]} cxd4 {[%clk 1:31:45]} 4. Nxd4
{[%clk 1:32:13]} Nf6 {[%clk 1:32:10]} 5. Nc3 {[%clk 1:32:40]} Nc6
{[%clk 1:32:36]} 6. Be2 {[%clk 1:32:27]} g6 {[%clk 1:32:34]} 7. O-O
{[%clk 1:32:50]} Bg7 {[%clk 1:32:58]} 8. Nb3 {[%clk 1:32:51]} O-O
{[%clk 1:32:33]} 9. Bg5 {[%clk 1:32:30]} a6 {[%clk 1:29:40]} 10. Re1
{[%clk 1:29:09]} b5 {[%clk 1:27:00]} 11. Bf1 {[%clk 1:29:25]} h6 {[%clk 1:20:50]}
12. Bh4 {[%clk 1:29:09]} Ng4 {[%clk 1:19:34]} 13. Rb1 {[%clk 1:17:55]} g5
{[%clk 1:04:54]} 14. Bg3 {[%clk 1:18:19]} Bd7 {[%clk 1:05:14]} 15. Nd5
{[%clk 1:12:01]} Rb8 {[%clk 1:01:34]} 16. c3 {[%clk 1:06:42]} a5 {[%clk 0:52:20]}
17. Nd4 {[%clk 1:04:20]} Nce5 {[%clk 0:50:19]} 18. h3 {[%clk 0:53:50]} Nf6
{[%clk 0:50:36]} 19. Nxf6+ {[%clk 0:54:11]} Bxf6 {[%clk 0:50:52]} 20. Nf3
{[%clk 0:54:18]} Nxf3+ {[%clk 0:47:28]} 21. Qxf3 {[%clk 0:54:41]} Qc7
{[%clk 0:43:43]} 22. Rbd1 {[%clk 0:50:31]} Kg7 {[%clk 0:43:33]} 23. e5
{[%clk 0:39:31]} dxe5 {[%clk 0:41:33]} 24. Qd5 {[%clk 0:37:56]} Be6
{[%clk 0:28:57]} 25. Bxe5 {[%clk 0:38:08]} Qxe5 {[%clk 0:28:12]} 26. Qxe5
{[%clk 0:38:31]} Bxe5 {[%clk 0:29:07]} 27. Rxe5 {[%clk 0:38:48]} b4
{[%clk 0:28:07]} 28. Rxa5 {[%clk 0:32:07]} bxc3 {[%clk 0:28:31]} 29. bxc3
{[%clk 0:32:33]} Ra8 {[%clk 0:28:58]} 30. Rxa8 {[%clk 0:32:23]} Rxa8
{[%clk 0:29:26]} 31. Rd2 {[%clk 0:25:41]} Rxa2 {[%clk 0:29:33]} 32. Rxa2
{[%clk 0:26:06]} Bxa2 {[%clk 0:30:02]} 33. Bd3 {[%clk 0:24:30]} Kf6
{[%clk 0:30:18]} 34. Kf1 {[%clk 0:23:59]} Bd5 {[%clk 0:30:16]} 35. g3
{[%clk 0:23:18]} e5 {[%clk 0:25:52]} 36. Ke1 {[%clk 0:19:19]} Ke7
{[%clk 0:25:06]} 37. Kd2 {[%clk 0:17:56]} Kd6 {[%clk 0:25:26]} 38. Ke3
{[%clk 0:17:47]} Kc5 {[%clk 0:25:16]} 39. h4 {[%clk 0:14:44]} 1/2-1/2

[Event "George Trundle Masters 2016"]
[Site "Auckland"]
[Date "2016.07.11"]
[Round "3.3"]
[White "Lane, Gary W"]
[Black "Watson, Bruce R"]
[Result "1/2-1/2"]
[LiveChessVersion "1.4.8"]
[BlackElo "2237"]
[WhiteElo "2375"]

1. e4 {[%clk 1:27:49]} c5 {[%clk 1:30:53]} 2. Nf3 {[%clk 1:28:13]} e6
{[%clk 1:31:17]} 3. d4 {[%clk 1:28:33]} cxd4 {[%clk 1:31:42]} 4. Nxd4
{[%clk 1:28:59]} Nc6 {[%clk 1:32:04]} 5. Nc3 {[%clk 1:28:50]} Qc7
{[%clk 1:31:55]} 6. f4 {[%clk 1:29:05]} a6 {[%clk 1:32:15]} 7. Nxc6
{[%clk 1:29:28]} Qxc6 {[%clk 1:31:46]} 8. Bd3 {[%clk 1:29:00]} b5
{[%clk 1:30:45]} 9. Qe2 {[%clk 1:28:33]} Bb7 {[%clk 1:30:24]} 10. Bd2
{[%clk 1:27:59]} Bc5 {[%clk 1:24:01]} 11. a3 {[%clk 1:26:26]} Ne7
{[%clk 1:19:19]} 12. O-O-O {[%clk 1:25:06]} Qb6 {[%clk 1:06:35]} 13. Kb1
{[%clk 1:14:36]} Bc6 {[%clk 1:05:58]} 14. f5 {[%clk 1:03:16]} Rb8
{[%clk 1:04:54]} 15. b4 {[%clk 0:51:04]} Bd4 {[%clk 1:04:52]} 16. Na2
{[%clk 0:51:04]} O-O {[%clk 0:48:23]} 17. g4 {[%clk 0:48:51]} exf5
{[%clk 0:43:17]} 18. gxf5 {[%clk 0:49:06]} Rbe8 {[%clk 0:43:22]} 19. Rhf1
{[%clk 0:41:32]} f6 {[%clk 0:42:30]} 20. Qh5 {[%clk 0:34:19]} d5 {[%clk 0:36:04]}
21. Rf4 {[%clk 0:34:02]} dxe4 {[%clk 0:28:12]} 22. Bxe4 {[%clk 0:31:07]} Be3
{[%clk 0:26:14]} 23. Rg4 {[%clk 0:25:26]} Rd8 {[%clk 0:22:03]} 24. Rh4
{[%clk 0:11:43]} h6 {[%clk 0:21:31]} 25. Bd3 {[%clk 0:09:19]} Bxd2
{[%clk 0:17:27]} 26. Rxd2 {[%clk 0:09:42]} Qg1+ {[%clk 0:17:44]} 27. Qd1
{[%clk 0:09:45]} Qxd1+ {[%clk 0:16:51]} 28. Rxd1 {[%clk 0:10:10]} Nxf5
{[%clk 0:16:30]} 29. Rf4 {[%clk 0:09:27]} Ne3 {[%clk 0:16:03]} 30. Rg1
{[%clk 0:09:32]} g5 {[%clk 0:15:20]} 31. Rf2 {[%clk 0:07:52]} Kg7
{[%clk 0:11:48]} 32. Nc3 {[%clk 0:08:15]} f5 {[%clk 0:11:03]} 33. a4
{[%clk 0:08:24]} f4 {[%clk 0:10:15]} 34. Kb2 {[%clk 0:07:35]} Kf6
{[%clk 0:08:37]} 35. Kb3 {[%clk 0:07:22]} Bd5+ {[%clk 0:07:27]} 36. Nxd5+
{[%clk 0:07:43]} Rxd5 {[%clk 0:07:49]} 37. axb5 {[%clk 0:07:58]} axb5
{[%clk 0:08:08]} 38. Ra1 {[%clk 0:08:19]} Ke5 {[%clk 0:04:56]} 39. Ra7
{[%clk 0:07:37]} Rf6 {[%clk 0:04:20]} 40. Bh7 {[%clk 0:37:43]} g4
{[%clk 0:33:41]} 41. Re7+ {[%clk 0:35:26]} Re6 {[%clk 0:21:37]} 42. Rxe6+
{[%clk 0:35:50]} Kxe6 {[%clk 0:21:59]} 43. Rxf4 {[%clk 0:18:22]} Re5
{[%clk 0:21:59]} 44. Bg8+ {[%clk 0:14:42]} Kd7 {[%clk 0:20:45]} 45. Rf7+
{[%clk 0:07:56]} Re7 {[%clk 0:17:25]} 46. Rf2 {[%clk 0:08:05]} h5
{[%clk 0:16:53]} 47. Rd2+ {[%clk 0:03:07]} Kc6 {[%clk 0:14:53]} 48. c4
{[%clk 0:03:24]} bxc4+ {[%clk 0:10:02]} 49. Bxc4 {[%clk 0:03:50]} Nxc4
{[%clk 0:09:42]} 50. Kxc4 {[%clk 0:04:14]} Re4+ {[%clk 0:10:00]} 51. Kc3
{[%clk 0:04:10]} h4 {[%clk 0:10:16]} 52. Rf2 {[%clk 0:04:18]} h3 {[%clk 0:08:49]}
53. Rf6+ {[%clk 0:04:21]} Kd5 {[%clk 0:08:14]} 54. b5 {[%clk 0:04:22]} Re3+
{[%clk 0:07:41]} 55. Kb4 {[%clk 0:04:30]} Re2 {[%clk 0:06:06]} 1/2-1/2

[Event "George Trundle Masters 2016"]
[Site "Auckland"]
[Date "2016.07.11"]
[Round "3.4"]
[White "Chan, Peng Kong"]
[Black "Solomon, Stephen J"]
[Result "0-1"]
[LiveChessVersion "1.4.8"]
[BlackElo "2367"]
[WhiteElo "2238"]

1. Nf3 {[%clk 1:30:57]} d5 {[%clk 1:30:42]} 2. c4 {[%clk 1:31:03]} e6
{[%clk 1:27:53]} 3. g3 {[%clk 1:30:08]} Nf6 {[%clk 1:27:57]} 4. Bg2
{[%clk 1:30:19]} Be7 {[%clk 1:27:55]} 5. O-O {[%clk 1:30:04]} O-O
{[%clk 1:28:19]} 6. b3 {[%clk 1:29:43]} c5 {[%clk 1:28:26]} 7. Bb2
{[%clk 1:29:48]} Nc6 {[%clk 1:28:49]} 8. e3 {[%clk 1:29:02]} a6 {[%clk 1:29:10]}
9. cxd5 {[%clk 1:17:19]} exd5 {[%clk 1:28:21]} 10. d4 {[%clk 1:17:30]} Bg4
{[%clk 1:25:46]} 11. dxc5 {[%clk 1:17:51]} Bxc5 {[%clk 1:25:34]} 12. Qc1
{[%clk 1:15:10]} Ba7 {[%clk 1:24:54]} 13. Ne5 {[%clk 1:08:46]} Rc8
{[%clk 1:20:55]} 14. Nxg4 {[%clk 1:07:16]} Nxg4 {[%clk 1:16:48]} 15. Qd1
{[%clk 0:51:49]} Nxf2 {[%clk 1:07:44]} 16. Kxf2 {[%clk 0:49:31]} d4
{[%clk 0:56:10]} 17. Bxc6 {[%clk 0:41:01]} dxe3+ {[%clk 0:54:42]} 18. Ke2
{[%clk 0:40:15]} Rxc6 {[%clk 0:46:31]} 19. Qxd8 {[%clk 0:39:51]} Rxd8
{[%clk 0:46:52]} 20. Rc1 {[%clk 0:39:52]} Rxc1 {[%clk 0:45:30]} 21. Bxc1
{[%clk 0:38:55]} Bd4 {[%clk 0:45:01]} 22. Nc3 {[%clk 0:36:00]} Bxc3
{[%clk 0:44:34]} 23. Rb1 {[%clk 0:36:28]} Bd2 {[%clk 0:44:18]} 24. Bb2
{[%clk 0:36:29]} f5 {[%clk 0:44:39]} 25. Rf1 {[%clk 0:36:38]} Rd5
{[%clk 0:44:23]} 26. Rf4 {[%clk 0:36:29]} b5 {[%clk 0:44:40]} 27. g4
{[%clk 0:28:42]} fxg4 {[%clk 0:38:38]} 28. Rxg4 {[%clk 0:29:03]} g6
{[%clk 0:38:59]} 29. Rf4 {[%clk 0:27:22]} Rf5 {[%clk 0:38:12]} 30. Rxf5
{[%clk 0:25:38]} gxf5 {[%clk 0:38:32]} 31. Be5 {[%clk 0:25:56]} Kf7
{[%clk 0:38:52]} 32. Bf4 {[%clk 0:22:55]} Ke6 {[%clk 0:39:15]} 33. Kd3
{[%clk 0:22:53]} Kd5 {[%clk 0:39:25]} 34. h3 {[%clk 0:20:52]} Bc1
{[%clk 0:39:41]} 35. Bg3 {[%clk 0:20:03]} h5 {[%clk 0:38:38]} 36. h4
{[%clk 0:17:46]} Ke6 {[%clk 0:37:22]} 37. Ke2 {[%clk 0:17:42]} a5
{[%clk 0:36:29]} 38. Kd3 {[%clk 0:08:06]} a4 {[%clk 0:36:18]} 39. bxa4
{[%clk 0:04:40]} bxa4 {[%clk 0:36:29]} 40. Bh2 {[%clk 0:34:20]} Kd5
{[%clk 1:04:10]} 41. Bc7 {[%clk 0:33:34]} e2 {[%clk 1:02:55]} 42. Kxe2
{[%clk 0:33:30]} Ke4 {[%clk 1:03:19]} 0-1

[Event "George Trundle Masters 2016"]
[Site "Auckland"]
[Date "2016.07.11"]
[Round "3.5"]
[White "Hague, Ben"]
[Black "Wastney, Scott"]
[Result "1-0"]
[LiveChessVersion "1.4.8"]
[BlackElo "2370"]
[WhiteElo "2336"]

1. e4 {[%clk 1:30:55]} e5 {[%clk 1:30:59]} 2. Nf3 {[%clk 1:31:17]} Nc6
{[%clk 1:31:25]} 3. Bc4 {[%clk 1:31:42]} Nf6 {[%clk 1:31:41]} 4. Ng5
{[%clk 1:31:32]} d5 {[%clk 1:31:56]} 5. exd5 {[%clk 1:31:54]} Na5
{[%clk 1:32:05]} 6. Bb5+ {[%clk 1:32:17]} c6 {[%clk 1:32:30]} 7. dxc6
{[%clk 1:32:39]} bxc6 {[%clk 1:32:57]} 8. Bd3 {[%clk 1:32:39]} Ng4
{[%clk 1:32:59]} 9. Ne4 {[%clk 1:31:42]} f5 {[%clk 1:32:50]} 10. Be2
{[%clk 1:31:16]} h5 {[%clk 1:33:06]} 11. h3 {[%clk 1:31:21]} fxe4
{[%clk 1:33:14]} 12. hxg4 {[%clk 1:31:42]} Bc5 {[%clk 1:32:37]} 13. b4
{[%clk 1:31:02]} Qd4 {[%clk 1:31:58]} 14. bxc5 {[%clk 1:31:15]} O-O
{[%clk 1:32:05]} 15. O-O {[%clk 1:31:30]} hxg4 {[%clk 1:08:08]} 16. c3
{[%clk 1:22:12]} Qd8 {[%clk 1:06:09]} 17. Bxg4 {[%clk 1:18:28]} Qh4
{[%clk 1:05:14]} 18. Bxc8 {[%clk 1:16:34]} Raxc8 {[%clk 1:05:22]} 19. g3
{[%clk 1:14:47]} Qh3 {[%clk 0:54:16]} 20. Qe2 {[%clk 1:13:15]} Rf3
{[%clk 0:46:12]} 21. Qxe4 {[%clk 1:07:56]} Rcf8 {[%clk 0:45:49]} 22. Qh4
{[%clk 1:07:07]} Qf5 {[%clk 0:44:59]} 23. Qh2 {[%clk 1:06:27]} Qd3
{[%clk 0:36:02]} 24. Na3 {[%clk 0:47:13]} Nb7 {[%clk 0:28:58]} 25. Qh4
{[%clk 0:27:12]} e4 {[%clk 0:25:46]} 26. Bb2 {[%clk 0:26:12]} Nxc5
{[%clk 0:22:39]} 27. Rae1 {[%clk 0:25:23]} Qxd2 {[%clk 0:10:23]} 28. Nc4
{[%clk 0:25:14]} Qd5 {[%clk 0:10:30]} 29. Ne3 {[%clk 0:22:59]} Qxa2
{[%clk 0:10:16]} 30. Re2 {[%clk 0:22:19]} Nd3 {[%clk 0:09:36]} 31. Qxe4
{[%clk 0:18:03]} 1-0